Mezinárodní obchod se surovými diamanty
Diamanty verzus ozbrojené konflikty. Zoznam členských štátov Kimberleyského systému certifikácie k 12.4.2016. Zapojenie ČR do certifikácie diamantov. Vývoj produkcie surových diamantov.
Saved in:
| Main Author: | |
|---|---|
| Other Authors: | |
| Format: | Book Chapter |
| Language: | Czech |
| Subjects: | |
| Tags: |
No Tags, Be the first to tag this record!
|
MARC
| LEADER | 00000nla a2200000 4500 | ||
|---|---|---|---|
| 001 | 0238472 | ||
| 005 | 20260205070956.2 | ||
| 041 | 0 | |a cze | |
| 044 | |a SK | ||
| 245 | 1 | 0 | |a Mezinárodní obchod se surovými diamanty |c Yvona Legierská, Ivana Turková |
| 520 | |a Diamanty verzus ozbrojené konflikty. Zoznam členských štátov Kimberleyského systému certifikácie k 12.4.2016. Zapojenie ČR do certifikácie diamantov. Vývoj produkcie surových diamantov. | ||
| 610 | 2 | 0 | |a obchod medzinárodný |
| 610 | 2 | 0 | |a diamanty |
| 610 | 2 | 0 | |a Afrika |
| 610 | 2 | 0 | |a konflikty |
| 100 | 1 | |a Legierská, Yvona | |
| 700 | 1 | |a Turková, Ivana | |